[Event "XXVe Open de Metz"]
[Site "Metz"]
[Date "2007.04.17"]
[Round "4.1"]
[White "Fedorchuk, Sergey A"]
[Black "Wirig, Anthony"]
[Result "1/2-1/2"]
[WhiteElo "2603"]
[BlackElo "2443"]
[PlyCount "41"]
	
1. e4 c5 2. Nf3 e6 3. d4 cxd4 4. Nxd4 a6 5. Be2 Qc7 6. O-O Nf6 7. Nc3 Bb4 8.
Qd3 Nc6 9. Nxc6 bxc6 10. Bg5 d5 11. Rad1 h6 12. Bxf6 gxf6 13. Rfe1 Bb7 14. Bh5
O-O-O 15. Qd4 c5 16. Qxf6 d4 17. Bxf7 Rhf8 18. Qxe6+ Kb8 19. a3 Ba5 20. b4 cxb4
21. Nd5 1/2-1/2

[Event "XXVe Open de Metz"]
[Site "Metz"]
[Date "2007.04.17"]
[Round "4.2"]
[White "Petkov, Vladimir"]
[Black "Shirazi, Kamran"]
[Result "1-0"]
[WhiteElo "2456"]
[BlackElo "2424"]
[PlyCount "54"]
[EventDate "2007.04.17"]

1. d4 d6 2. c4 Nf6 3. Nc3 Bf5 4. Nf3 g6 5. Nh4 Bd7 6. e4 Bg7 7. Nf3 Nh5 8. Be2
e5 9. O-O O-O 10. Bg5 f6 11. Be3 Nf4 12. c5 Nxe2+ 13. Qxe2 exd4 14. Bxd4 dxc5
15. Bxc5 Rf7 16. Rfd1 Qe8 17. Nd5 Na6 18. Bd4 c6 19. Nf4 Nc7 20. a4 b6 21. Bc3
c5 22. Qc4 Rd8 23. h3 Bc6 24. Rxd8 Qxd8 25. Re1 Qd7 26. b3 Bb7 27. e5 Bxf3 1-0

[Event "XXVe Open de Metz"]
[Site "Metz"]
[Date "2007.04.17"]
[Round "4.3"]
[White "Boidman, Yuri"]
[Black "Malakhatko, Vadim"]
[Result "1/2-1/2"]
[WhiteElo "2438"]
[BlackElo "2598"]
[PlyCount "79"]
[EventDate "2007.04.17"]

1. e4 c5 2. Nf3 e6 3. Nc3 a6 4. g3 b5 5. Bg2 Bb7 6. d3 Be7 7. O-O d6 8. Be3 Qc7
9. Ng5 h6 10. Nh3 Nf6 11. f4 Nc6 12. Nf2 O-O 13. a4 b4 14. Ne2 d5 15. e5 Nd7
16. c3 bxc3 17. bxc3 Rab8 18. d4 Na5 19. f5 exf5 20. g4 Nc4 21. Bc1 cxd4 22.
cxd4 fxg4 23. Nxg4 f5 24. Ne3 Nxe3 25. Bxe3 Nb6 26. Ng3 Nc4 27. Bc1 g6 28. Bxh6
Rf7 29. Rb1 Rh7 30. Qc1 Bc6 31. Rxb8+ Qxb8 32. Bg5 Qa7 33. Qf4 Bxg5 34. Qxg5
Qxd4+ 35. Kh1 Rg7 36. Rxf5 gxf5 37. Qxg7+ Kxg7 38. Nxf5+ Kf8 39. Nxd4 Bxa4 40.
Bxd5 1/2-1/2

[Event "XXVe Open de Metz"]
[Site "Metz"]
[Date "2007.04.17"]
[Round "4.4"]
[White "Gharamian, Tigran"]
[Black "Spraggett, Kevin"]
[Result "1/2-1/2"]
[WhiteElo "2471"]
[BlackElo "2631"]
[PlyCount "95"]
[EventDate "2007.04.17"]

1. e4 c5 2. Nf3 e6 3. d4 cxd4 4. Nxd4 Nf6 5. Bd3 Nc6 6. Nxc6 bxc6 7. O-O d5 8.
Nd2 Be7 9. b3 O-O 10. Bb2 a5 11. a3 Nd7 12. c4 Nc5 13. Bc2 d4 14. b4 Rb8 15.
Nf3 d3 16. Bb1 axb4 17. axb4 Rxb4 18. Ba3 Rb6 19. Bxd3 Qc7 20. e5 Rd8 21. Bxc5
Bxc5 22. Bxh7+ Kxh7 23. Ng5+ Kg8 24. Qh5 Rb2 25. Qh7+ Kf8 26. Qh8+ Ke7 27. Qxg7
Rf8 28. Nh7 Rd8 29. Ng5 Rf8 30. Rad1 Ke8 31. Ne4 Be7 32. Nd6+ Bxd6 33. exd6 Qb7
34. d7+ Bxd7 35. Rxd7 Qxd7 36. Qxb2 Ke7 37. h3 c5 38. Qe5 Qd4 39. Qg5+ f6 40.
Qc1 Rd8 41. Re1 Qd2 42. Qa1 Kf7 43. Qb1 f5 44. Qa1 Rd4 45. Rb1 Kg6 46. Qa4 Kf6
47. Qa1 Kg6 48. Qa4 1/2-1/2

[Event "XXVe Open de Metz"]
[Site "Metz"]
[Date "2007.04.17"]
[Round "4.5"]
[White "Burmakin, Vladimir"]
[Black "Kasparov, Sergey"]
[Result "1/2-1/2"]
[WhiteElo "2593"]
[BlackElo "2536"]
[PlyCount "128"]
[EventDate "2007.04.17"]

1. d4 Nf6 2. Nf3 e6 3. c4 Bb4+ 4. Bd2 c5 5. Bxb4 cxb4 6. e3 O-O 7. Be2 b6 8.
O-O a5 9. a3 Na6 10. Ne5 Bb7 11. Nd3 Qe7 12. Nd2 Rfc8 13. Bf3 Bxf3 14. Qxf3
Rab8 15. Rfc1 d6 16. Qd1 bxa3 17. Rxa3 h6 18. h3 Qb7 19. Qa4 Ne4 20. Nxe4 Qxe4
21. Rac3 Qb7 22. Qb5 Nc7 23. Qd7 Rd8 24. Qa4 Na6 25. b4 Nxb4 26. Nxb4 axb4 27.
Qxb4 Qc7 28. Ra1 Rdc8 29. Rca3 Qxc4 30. Qxd6 Qc7 31. Qb4 Qc4 32. Qe7 Qc7 33.
Ra7 Qxe7 34. Rxe7 Re8 35. Rd7 Red8 36. Rc7 Rdc8 37. Re7 Re8 38. Rxe8+ Rxe8 39.
Kf1 Rc8 40. Rb1 Rb8 41. Ke2 Kf8 42. Kd3 Ke7 43. Ra1 Rb7 44. Ra2 Kd6 45. Kc4 Kc6
46. Kb4 Rc7 47. Ra8 h5 48. g4 hxg4 49. hxg4 Kd6 50. f3 g6 51. Rb8 Kc6 52. Ra8
Kd6 53. g5 e5 54. Rb8 exd4 55. Rxb6+ Ke5 56. Rb5+ Kd6 57. exd4 Rc1 58. Ra5 Rf1
59. Ra6+ Kd5 60. Rf6 Kxd4 61. Rxf7 Rb1+ 62. Ka5 Rg1 63. f4 Ke4 64. Rf6 Rg4
1/2-1/2

[Event "XXVe Open de Metz"]
[Site "Metz"]
[Date "2007.04.17"]
[Round "4.6"]
[White "Prasad, Devaki V"]
[Black "Guliyev, Namig"]
[Result "1/2-1/2"]
[WhiteElo "2413"]
[BlackElo "2590"]
[PlyCount "124"]
[EventDate "2007.04.17"]

1. d4 d5 2. Nf3 Nf6 3. c4 dxc4 4. e3 e6 5. Bxc4 a6 6. O-O Nbd7 7. Re1 b5 8. Bd3
c5 9. a4 b4 10. Nbd2 cxd4 11. exd4 Be7 12. Nc4 O-O 13. Nfe5 Bb7 14. a5 Rc8 15.
Bf4 Nd5 16. Bd2 Nxe5 17. dxe5 Nc3 18. Bxc3 bxc3 19. bxc3 Qd5 20. Ne3 Qxe5 21.
Qb1 Rc7 22. Nf5 Qc5 23. Nxe7+ Qxe7 24. Bxh7+ Kh8 25. Be4 Bxe4 26. Rxe4 Rxc3 27.
g3 Kg8 28. Qb6 Ra8 29. Rd1 {=} 29... Rc5 30. Rb4 Qc7 31. Qxc7 Rxc7 32. Rb6 Rc5
33. Ra1 g5 34. h3 Kg7 35. Kg2 Kf6 36. Ra2 Ra7 37. Kf3 Rc3+ 38. Ke2 Ke5 39. Kd2
Rc8 40. Ra1 Rd7+ 41. Ke2 Ke4 42. Ra4+ Kf5 43. Ra2 Ra7 44. Kf3 Rc3+ 45. Ke2 Ke5
46. Kf1 Ke4 47. Kg2 Rd3 48. Ra4+ Ke5 49. Ra2 Rd1 50. Kf3 Kf5 51. Kg2 Re1 52.
Kf3 Kg6 53. Kg2 Re5 54. Kf3 Ra8 55. Ra3 Kg7 56. Kg2 Re4 57. Rb7 Kg6 58. Rf3 f5
59. Rb6 f4 60. Rc3 fxg3 61. Kxg3 Re5 62. Ra3 Ra7 1/2-1/2

[Event "XXVe Open de Metz"]
[Site "Metz"]
[Date "2007.04.17"]
[Round "4.7"]
[White "Eingorn, Vereslav S"]
[Black "Kosten, Anthony C"]
[Result "1-0"]
[WhiteElo "2588"]
[BlackElo "2517"]
[PlyCount "83"]
[EventDate "2007.04.17"]

1. d4 Nf6 2. c4 g6 3. g3 Bg7 4. Bg2 O-O 5. Nc3 d6 6. h3 e5 7. dxe5 dxe5 8. Qxd8
Rxd8 9. Bg5 Re8 10. Nf3 Nc6 11. O-O h6 12. Be3 a6 13. Rfd1 Rb8 14. Rac1 Be6 15.
b3 Red8 16. Ne1 Nd4 17. Nd3 Ne8 18. Kf1 b6 19. Nd5 Rd7 20. Nxe5 Bxe5 21. Bxd4
Bxd4 22. Rxd4 c6 23. Rd3 cxd5 24. cxd5 Bf5 25. e4 Be6 26. Rdc3 Bxd5 27. exd5
Rdd8 28. Rc6 a5 29. Ke2 Kg7 30. Kd3 Nd6 31. Re1 Rb7 32. Bf3 Nf5 33. Kc4 Nd6+
34. Kc3 Nf5 35. g4 Ne7 36. Rd1 Nxc6 37. dxc6 Rc8 38. Kc4 b5+ 39. Kc5 Kf6 40.
Rd8 Rbb8 41. Rd7 Re8 42. c7 1-0

[Event "XXVe Open de Metz"]
[Site "Metz"]
[Date "2007.04.17"]
[Round "4.8"]
[White "Savchenko, Stanislav"]
[Black "Krivoshey, Sergei"]
[Result "1-0"]
[WhiteElo "2545"]
[BlackElo "2475"]
[PlyCount "83"]
[EventDate "2007.04.17"]

1. d4 d5 2. c4 c6 3. Nf3 Nf6 4. e3 Bg4 5. h3 Bxf3 6. Qxf3 e6 7. Nc3 Nbd7 8. Bd2
Bd6 9. O-O-O O-O 10. Kb1 a5 11. g4 Bb4 12. g5 Bxc3 13. gxf6 Bxd2 14. fxg7 Kxg7
15. Rxd2 Qf6 16. Qd1 Kh8 17. Bd3 Rg8 18. Qb3 Rab8 19. Qa3 Qd8 20. cxd5 exd5 21.
Qd6 Nf8 22. Qf4 f6 23. Rdd1 Ne6 24. Qf5 Qe7 25. Rdg1 Rxg1+ 26. Rxg1 Rg8 27.
Rxg8+ Kxg8 28. h4 Nf8 29. a3 Qd6 30. h5 h6 31. Qg4+ Kh8 32. Qc8 Qe7 33. Qa8 Kg8
34. Ka2 Qc7 35. Bf5 b6 36. Bc8 Kg7 37. Bb7 c5 38. Bxd5 cxd4 39. exd4 f5 40. Qe8
Qd7 41. Qe5+ Kh7 42. Bc4 1-0

[Event "XXVe Open de Metz"]
[Site "Metz"]
[Date "2007.04.17"]
[Round "4.9"]
[White "Sulava, Nenad"]
[Black "Haub, Thorsten-Michael"]
[Result "1-0"]
[WhiteElo "2549"]
[BlackElo "2468"]
[PlyCount "113"]
[EventDate "2007.04.17"]

1. Nf3 g6 2. e4 Bg7 3. d4 d6 4. Be3 Nd7 5. c4 e6 6. Nc3 Ne7 7. Be2 h6 8. Qc2 a6
9. h4 c5 10. O-O-O Qa5 11. Kb1 b5 12. dxc5 dxc5 13. cxb5 O-O 14. Nd2 axb5 15.
Nb3 Qb6 16. Nxb5 Nc6 17. Bxc5 Nxc5 18. Qxc5 Qa6 19. Nc3 Qb7 20. Rd6 Bd7 21.
Rhd1 Be8 22. f4 Rc8 23. Qe3 Nb4 24. Qb6 Qxb6 25. Rxb6 Nc6 26. e5 Ne7 27. Bd3
Rxc3 28. bxc3 Nd5 29. Rb4 Nxc3+ 30. Kc2 Nxd1 31. Kxd1 Bc6 32. Be4 Rd8+ 33. Kc2
Bf8 34. Rc4 Bb5 35. Rd4 Rc8+ 36. Kb2 Be7 37. g3 g5 38. hxg5 hxg5 39. Bd3 Bxd3
40. Rxd3 f6 41. Rd7 Bb4 42. Nd4 gxf4 43. gxf4 fxe5 44. fxe5 Rc5 45. Kb3 Bc3 46.
Nxe6 Rxe5 47. Rg7+ Kh8 48. Kxc3 Rxe6 49. Rg4 Kh7 50. a4 Kh6 51. a5 Re3+ 52. Kb4
Kh5 53. Rc4 Kg5 54. a6 Kf5 55. a7 Re8 56. Rc5+ Ke6 57. Ra5 1-0

[Event "XXVe Open de Metz"]
[Site "Metz"]
[Date "2007.04.17"]
[Round "4.10"]
[White "Sikula, Vaszilij"]
[Black "Peric, Slavisa"]
[Result "1/2-1/2"]
[WhiteElo "2536"]
[BlackElo "2289"]
[PlyCount "124"]
[EventDate "2007.04.17"]

1. e4 e6 2. d4 d5 3. e5 c5 4. c3 Nc6 5. Nf3 Bd7 6. Be2 Nge7 7. Na3 cxd4 8. cxd4
Qb6 9. Nc2 Nf5 10. O-O Be7 11. Kh1 Rc8 12. g4 Nh4 13. Nfe1 h5 14. gxh5 Nf5 15.
Be3 f6 16. exf6 Bxf6 17. Bd3 Nce7 18. Rb1 Qd6 19. Be2 a6 20. Nd3 e5 21. dxe5
Bxe5 22. Nxe5 Qxe5 23. Nd4 Nxe3 24. fxe3 Qxe3 25. Rf3 Qe4 26. Bd3 Qh4 27. Qg1
Qxh5 28. Re1 Kd8 29. Rfe3 Nc6 30. Ne6+ Bxe6 31. Rxe6 Qf3+ 32. Qg2 Qxg2+ 33.
Kxg2 Rc7 34. Bf5 Re7 35. Rd6+ Ke8 36. Bg6+ Kf8 37. Rxe7 Kxe7 38. Rxd5 Rh6 39.
Be4 Re6 40. Kf3 Rh6 41. Kg3 Re6 42. Kf4 Rh6 43. Kg3 Re6 44. Bf3 Ne5 45. Be2 Kf6
46. Rd2 g5 47. b3 Rc6 48. Kf2 Rc3 49. Rd6+ Kf5 50. Rb6 Ng4+ 51. Ke1 Nxh2 52.
Rxb7 g4 53. Bxa6 g3 54. Rg7 Kf4 55. Kd2 Rc6 56. Bb7 Nf3+ 57. Kd3 Ne5+ 58. Kd2
Nf3+ 59. Kd1 Rd6+ 60. Kc1 Ng5 61. Rc7 Rh6 62. Rc4+ Kf5 {suite illisible}
1/2-1/2

[Event "XXVe Open de Metz"]
[Site "Metz"]
[Date "2007.04.17"]
[Round "4.11"]
[White "Kasparova, Tatiana"]
[Black "Shchekachev, Andrei"]
[Result "0-1"]
[WhiteElo "2218"]
[BlackElo "2530"]
[PlyCount "80"]
[EventDate "2007.04.17"]

1. e4 c5 2. Nf3 e6 3. d4 cxd4 4. Nxd4 a6 5. Bd3 Nf6 6. O-O Qc7 7. c4 Nc6 8. Nb3
Ne5 9. Bf4 Bd6 10. Bg3 b6 11. Nc3 Bb7 12. Nd4 Rc8 13. Rc1 h5 14. Be2 Nxe4 15.
Nxe4 Bxe4 16. c5 bxc5 17. Bxa6 Rb8 18. Nb5 Rxb5 19. Bxb5 h4 20. Bxe5 Bxe5 21.
h3 Bd5 22. Qc2 Bd4 23. Rfd1 Qf4 24. Qd2 Qe4 25. Bf1 Rh6 26. Qe1 Qf4 27. Qd2 Qb8
28. Qg5 Qxb2 29. Qd2 Qxa2 30. Rc2 Qa8 31. Qf4 e5 32. Qg5 Rg6 33. Qxh4 Bxg2 34.
Qh8+ Ke7 35. Qxa8 Bxa8+ 36. Kh2 Bf3 37. Re1 e4 38. h4 Be5+ 39. Kh3 Bg4+ 40. Kg2
Bd1+ 0-1

[Event "XXVe Open de Metz"]
[Site "Metz"]
[Date "2007.04.17"]
[Round "4.12"]
[White "Lalic, Bogdan"]
[Black "Marzolf, Bruno"]
[Result "1-0"]
[WhiteElo "2519"]
[BlackElo "2259"]
[PlyCount "57"]
[EventDate "2007.04.17"]

1. d4 d5 2. c4 Nc6 3. Nc3 Nf6 4. Nf3 dxc4 5. Bg5 h6 6. Bxf6 exf6 7. e3 Na5 8.
Nd2 Be6 9. Qa4+ c6 10. b4 b5 11. Qxa5 Qxa5 12. bxa5 Bb4 13. Rc1 Bxa5 14. Be2
O-O-O 15. O-O f5 16. Rfd1 a6 17. Nf3 Kc7 18. a3 Rhe8 19. Na4 Bd5 20. Ne5 f4 21.
e4 Bxe4 22. Nxf7 Bd5 23. Bxc4 bxc4 24. Nxd8 Rxd8 25. Nc5 Re8 26. Rb1 c3 27.
Rb7+ Kc8 28. Rdb1 Bc7 29. Ra7 1-0

[Event "XXVe Open de Metz"]
[Site "Metz"]
[Date "2007.04.17"]
[Round "4.13"]
[White "Abergel, Thal"]
[Black "Vaillant, Stephane"]
[Result "1-0"]
[WhiteElo "2498"]
[BlackElo "2044"]
[PlyCount "79"]
[EventDate "2007.04.17"]

1. d4 e6 2. Nf3 Nf6 3. e3 b6 4. Bd3 Bb7 5. O-O Be7 6. Nbd2 d6 7. e4 c5 8. dxc5
dxc5 9. e5 Nfd7 10. Be4 Qc7 11. Bxb7 Qxb7 12. Nc4 O-O 13. a4 Nc6 14. c3 a6 15.
Bf4 b5 16. axb5 axb5 17. Rxa8 Rxa8 18. Nd6 Bxd6 19. Qxd6 c4 20. Rd1 Nb6 21. Ng5
Re8 22. Ne4 Nd5 23. Bg5 Nce7 24. Nc5 Qc8 25. Bxe7 Nxe7 26. Qb6 Qb8 27. Rd6 Ng6
28. Nb7 Qa8 29. Rd1 Rb8 30. h3 h6 31. Rd7 Nxe5 32. Re7 Ng6 33. Rc7 Qa1+ 34. Kh2
Rf8 35. Qxb5 Qe1 36. Qxc4 Qxf2 37. Qd4 Qxb2 38. Nd8 Qb8 39. Nxe6 f6 40. Qd7 1-0

[Event "XXVe Open de Metz"]
[Site "Metz"]
[Date "2007.04.17"]
[Round "4.14"]
[White "Schweitzer, Viktoriya"]
[Black "Kalinitschew, Sergey"]
[Result "1/2-1/2"]
[WhiteElo "2243"]
[BlackElo "2488"]
[PlyCount "68"]
[EventDate "2007.04.17"]

1. e4 c5 2. Nf3 Nc6 3. Bb5 d6 4. O-O Bd7 5. Re1 Nf6 6. c3 a6 7. Bxc6 Bxc6 8. d4
Bxe4 9. Bg5 d5 10. Nbd2 Bxf3 11. Qxf3 e6 12. Bxf6 gxf6 13. dxc5 Bxc5 14. Rad1
b5 15. Nb3 Be7 16. Qh5 Qd7 17. Rd3 Rf8 18. Rg3 O-O-O 19. Rg7 Bd6 20. Rxh7 Rde8
21. Qh6 f5 22. Qe3 Qc7 23. Qd4 Rg8 24. h3 Rg6 25. Rh8 Rxh8 26. Qxh8+ Kb7 27.
Qe8 Qe7 28. Na5+ Kb6 29. Qc6+ Kxa5 30. b4+ Bxb4 31. cxb4+ Qxb4 32. Qc7+ Ka4 33.
Qc2+ Ka5 34. Qc7+ Ka4 1/2-1/2

[Event "XXVe Open de Metz"]
[Site "Metz"]
[Date "2007.04.17"]
[Round "4.15"]
[White "Defrance, Laurent"]
[Black "Gladyszev, Oleg"]
[Result "0-1"]
[WhiteElo "2177"]
[BlackElo "2485"]
[PlyCount "64"]
[EventDate "2007.04.17"]

1. d4 Nf6 2. c4 g6 3. Nc3 Bg7 4. e4 O-O 5. f3 c5 6. Nge2 d6 7. Be3 Nbd7 8. Qd2
a6 9. Rd1 Qa5 10. Nc1 cxd4 11. Bxd4 Nc5 12. Be2 Na4 13. O-O Nxc3 14. Bxc3 Qc7
15. Nb3 b5 16. cxb5 axb5 17. a3 Be6 18. Nd4 Bc4 19. Bxc4 bxc4 20. Nc2 Nd7 21.
Bxg7 Kxg7 22. Qc3+ Kg8 23. Nb4 Nb6 24. Nd5 Nxd5 25. Rxd5 Rfb8 26. Rf2 Rb3 27.
Qc2 Rab8 28. Rd4 c3 29. bxc3 Rxc3 30. Qa4 Qc5 31. Rd1 Rc4 32. Qa6 Rb2 0-1

[Event "XXVe Open de Metz"]
[Site "Metz"]
[Date "2007.04.17"]
[Round "4.16"]
[White "Kozhuharov, Spas"]
[Black "Daurelle, Herve"]
[Result "1-0"]
[WhiteElo "2433"]
[BlackElo "2209"]
[PlyCount "59"]
[EventDate "2007.04.17"]

1. d4 Nf6 2. c4 e6 3. Nc3 Bb4 4. e3 c5 5. Nf3 O-O 6. Bd3 d5 7. O-O Nc6 8. a3
Bxc3 9. bxc3 dxc4 10. Bxc4 Qc7 11. Bb2 e5 12. Qc2 Bg4 13. Nxe5 Nxe5 14. dxe5
Qxe5 15. Bd3 c4 16. Bxc4 Bf5 17. Qe2 Ng4 18. g3 Qe4 19. Rad1 Rad8 20. Rd4 Qc6
21. Rxg4 Bxg4 22. Qxg4 Rd2 23. Ba1 h5 24. Qf4 Qc5 25. e4 Rd6 26. Bd5 Qxa3 27.
c4 Rg6 28. Qf5 Rg4 29. h3 g6 30. Qe5 1-0

[Event "XXVe Open de Metz"]
[Site "Metz"]
[Date "2007.04.17"]
[Round "4.17"]
[White "Maruejols, Claude"]
[Black "Laurent, Bruno"]
[Result "0-1"]
[WhiteElo "2033"]
[BlackElo "2399"]
[PlyCount "66"]
[EventDate "2007.04.17"]

1. d4 Nf6 2. c4 g6 3. Nc3 Bg7 4. e4 d6 5. Be2 O-O 6. Nf3 Na6 7. O-O e5 8. Be3
Ng4 9. Bg5 Qe8 10. dxe5 dxe5 11. h3 f6 12. Bd2 Nh6 13. Be3 c6 14. c5 Nc7 15.
Qb3+ Kh8 16. Rfe1 Ne6 17. Rad1 Nf7 18. Nd2 f5 19. exf5 gxf5 20. f3 Nd4 21. Qa4
Qe7 22. Bc4 Qf6 23. Bxf7 Qxf7 24. Nc4 Nxf3+ 25. gxf3 f4 26. Bc1 Qg6+ 27. Kf2
Qg3+ 28. Ke2 Qg2+ 29. Kd3 Bf5+ 30. Ne4 Qxf3+ 31. Ne3 Bxe4+ 32. Kc3 b5 33. Qa5
fxe3 0-1

[Event "XXVe Open de Metz"]
[Site "Metz"]
[Date "2007.04.17"]
[Round "4.18"]
[White "Marholev, Dimitar"]
[Black "Scheynin, Julia"]
[Result "1/2-1/2"]
[WhiteElo "2375"]
[BlackElo "2018"]
[PlyCount "172"]
[EventDate "2007.04.17"]

1. e4 e6 2. d4 d5 3. Nd2 Nf6 4. e5 Nfd7 5. Bd3 c5 6. c3 Nc6 7. Ne2 cxd4 8. cxd4
f6 9. exf6 Nxf6 10. Nf3 Bd6 11. O-O Qc7 12. h3 O-O 13. Nc3 a6 14. Be3 Bd7 15.
Rc1 Rae8 16. Bb1 Bf4 17. Bxf4 Qxf4 18. Ne2 Qd6 19. a3 Re7 20. Re1 Be8 21. Ng3
Qf4 22. Qd3 Bg6 23. Qe3 Qxe3 24. Rxe3 Bxb1 25. Rxb1 h6 26. Ne2 Ne4 27. b4 Nd6
28. Nd2 Nf5 29. Rd3 Ref7 30. f3 Nd6 31. Nb3 b6 32. Nc3 Nc4 33. b5 axb5 34. Nxb5
Na7 35. Nd2 Rc8 36. Nxc4 dxc4 37. Rc3 Nxb5 38. Rxb5 Rc6 39. Kf2 Rd7 40. Ke3 Rd5
41. Rb4 b5 42. a4 bxa4 43. Rxa4 e5 44. Rcxc4 exd4+ 45. Rxd4 Rxd4 46. Rxd4 Kf7
47. h4 Rc2 48. g4 Rh2 49. h5 Ra2 50. Rd7+ Kf6 51. Ke4 Re2+ 52. Kf4 Ra2 53. Rd6+
Kf7 54. Ke5 Ke7 55. Rc6 Ra5+ 56. Ke4 Kf7 57. Rd6 Ke7 58. Rd5 Ra3 59. f4 Ke6 60.
Re5+ Kf7 61. Kf5 Ra6 62. Rc5 Rf6+ 63. Ke5 Re6+ 64. Kd5 Re1 65. Rc7+ Kf6 66.
Rc6+ Kf7 67. Rg6 Re2 68. f5 Rg2 69. Ke4 Rf2 70. Rc6 Rf1 71. Ke3 Ke7 72. Ke2 Rf4
73. Rg6 Kf7 74. Ke3 Rf1 75. Rc6 Ke7 76. Rc8 Kf7 77. Rc7+ Kf6 78. Ke4 Rf2 79.
Rc1 Re2+ 80. Kf3 Ra2 81. Rc6+ Kf7 82. f6 g6 83. g5 hxg5 84. h6 Rh2 85. h7 Rxh7
86. Rc7+ Kg8 1/2-1/2

[Event "XXVe Open de Metz"]
[Site "Metz"]
[Date "2007.04.17"]
[Round "4.19"]
[White "Oboron, Georges"]
[Black "Clery, Nicolas"]
[Result "0-1"]
[WhiteElo "2017"]
[BlackElo "2349"]
[PlyCount "90"]
[EventDate "2007.04.17"]

1. b3 c5 2. Bb2 Nc6 3. Nf3 Nf6 4. e3 g6 5. Bb5 Bg7 6. O-O O-O 7. d3 Qc7 8. Nbd2
d6 9. h3 a6 10. Bxc6 Qxc6 11. e4 b5 12. c4 Bb7 13. Re1 e6 14. Rc1 b4 15. Qc2 e5
16. Nf1 Nh5 17. Rcd1 f5 18. exf5 Rxf5 19. N1h2 Nf4 20. Re4 Nxd3 21. Rxd3 Qxe4
22. Qd1 Bf8 23. Bc1 Qc6 24. Ne1 Re8 25. Ng4 e4 26. Rg3 d5 27. Ne3 Rfe5 28. cxd5
Rxd5 29. Nxd5 Qxd5 30. Qxd5+ Bxd5 31. Nc2 c4 32. Bf4 Rc8 33. Nd4 cxb3 34. axb3
Rc3 35. Rg5 Bxb3 36. Nxb3 Bh6 37. Rg4 Bxf4 38. Rxf4 Rxb3 39. Rxe4 a5 40. Re7 a4
41. Kh2 a3 42. Ra7 h5 43. f3 h4 44. f4 Rb2 45. f5 gxf5 0-1

[Event "XXVe Open de Metz"]
[Site "Metz"]
[Date "2007.04.17"]
[Round "4.20"]
[White "Zienkiewicz, Alexandre"]
[Black "Zozulia, Anna"]
[Result "0-1"]
[WhiteElo "2000"]
[BlackElo "2344"]
[PlyCount "47"]
[EventDate "2007.04.17"]

1. d4 g6 2. c4 Bg7 3. Nc3 d6 4. e4 Nc6 5. d5 Nb8 6. Bd3 Nd7 7. f4 c6 8. Nf3
cxd5 9. exd5 Qb6 10. Na4 Qc7 11. Be3 Ngf6 12. Bd4 O-O 13. O-O e6 14. dxe6 fxe6
15. Ng5 Re8 16. c5 dxc5 17. Nxc5 Nxc5 18. Rc1 b6 19. b4 Qd7 20. Bxf6 Nxd3 21.
Ne4 Nxc1 22. Qxc1 Bb7 23. Rd1 Qc6 24. Qb2 0-1

[Event "XXVe Open de Metz"]
[Site "Metz"]
[Date "2007.04.17"]
[Round "4.40"]
[White "Marchal, Chantal"]
[Black "Bormann, Marco"]
[Result "1/2-1/2"]
[WhiteElo "1897"]
[BlackElo "1499"]
[Annotator "Bormann,Marco"]
[PlyCount "66"]

1. e4 d6 2. d4 Nf6 3. Nc3 g6 4. f4 c5 5. Bb5+ Bd7 6. e5
cxd4 7. exf6 dxc3 8. Bxd7+ Nxd7 9. fxe7 Qxe7+ 10. Ne2 cxb2 11. Bxb2 Nf6 12. O-O
Bg7 13. Ng3 O-O 14. Re1 Qc7 15. f5 Rfe8 16. Rxe8+ Rxe8 17. fxg6 fxg6 18. Qd3
Qa5 19. Rf1 Re1 20. Qc4+ d5 21. Qc8+ Bf8 22. Bd4 Rxf1+ 23. Kxf1 Qb5+ 24. Ke1
Qd7 25. Qb8 Qe7+ 26. Kd1 a6 27. a4 Ne4 28. Nxe4 Qxe4 29. Bc5 Qg4+ 30. Kc1 Qf5
31. Kd2 Qg5+ 32. Kc3 Qf6+ 33. Kb3 Qf1 1/2-1/2

[Event "XXVe Open de Metz"]
[Site "Metz"]
[Date "2007.04.17"]
[Round "4.41"]
[White "Bazille, Reynald"]
[Black "Batagelj, Vladimir"]
[Result "1-0"]
[WhiteElo "1850"]
[BlackElo "1330"]
[PlyCount "99"]
[EventDate "2007.04.17"]

1. c4 c5 2. Nf3 g6 3. g3 Bg7 4. Bg2 Nf6 5. O-O O-O 6. Nc3 d5 7. cxd5 Nxd5 8.
Qb3 Nxc3 9. dxc3 Nc6 10. Be3 Qb6 11. Qxb6 axb6 12. Rfd1 Rd8 13. Rxd8+ Nxd8 14.
Rd1 Ne6 15. a3 Bf6 16. h4 Kg7 17. g4 Kg8 18. g5 Bg7 19. Rd5 Nc7 20. Rd8+ Bf8
21. Ne5 Be6 22. Rxa8 Nxa8 23. Bxb7 Nc7 24. b4 f6 25. Nf3 Nb5 26. bxc5 bxc5 27.
Bxc5 Nxc3 28. Nd4 Bc4 29. e3 e5 30. Bxf8 Kxf8 31. Nf3 e4 32. Nd2 Bd3 33. Bc6 f5
34. a4 Ba6 35. Nb3 Na2 36. Nc5 Bd3 37. a5 Nb4 38. Bb7 Ke7 39. a6 Nxa6 40. Bxa6
Bxa6 41. Nxa6 Kd6 42. Kf1 Ke5 43. Nc7 f4 44. Ne8 Kf5 45. Nf6 h5 46. Ke2 Ke5 47.
Kd2 Kf5 48. Kc3 Ke5 49. Kc4 fxe3 50. fxe3 1-0